| 000 | 00900cam a22002533a 4500 | ||
|---|---|---|---|
| 001 | 4325 | ||
| 003 | PGUSA | ||
| 005 | 20140828083052.0 | ||
| 008 | 030801s2003||||xxu|||||s|||||000 | eng d | ||
| 040 |
_aPGUSA _beng |
||
| 042 | _adc | ||
| 050 | 4 | _aD501 | |
| 100 | 1 |
_aDuhamel, Georges, _d1884-1966 |
|
| 245 | 1 | 4 |
_aThe New Book of Martyrs _h[electronic resource] / _cGeorges Duhamel |
| 260 |
_bProject Gutenberg, _c2003 |
||
| 505 | 0 | _aThroughout our land -- The story of Carré and Lerondeau -- Memories of the martyrs -- The death of Mercier -- Verdun -- The sacrifice -- The third symphony -- Grace -- Nights in Artois. | |
| 506 | _aPublic domain in the USA. | ||
| 516 | _aElectronic text | ||
| 653 | _aWorld War, 1914-1918 -- Hospitals, charities, etc. | ||
| 700 | 1 | _aSimmonds, Florence | |
| 830 | 0 |
_aProject Gutenberg _v4325 |
|
| 856 | 4 | 0 | _uhttp://www.gutenberg.org/ebooks/4325 |
| 942 | _cEB | ||
| 999 |
_c233654 _d233654 |
||